Statistiques concernant Pays dans des triangles aléatoires sur la carte vierge

Cliquez ici pour prendre le quiz!

Statistiques générales

  • Ce quiz a été pris 4 934 fois
  • Le résultat moyen est 14 sur 20

Réponses sur la Carte

Les réponses sont colorées sur une échelle allant du rouge au vert en fonction du pourcentage des utilisateurs qui les ont devinées à leur premier essai. Vous pouvez retrouver ces pourcentages ci-dessous.
 

Statistiques - réponses

Pays% Correct
Allemagne | Belgique | Danemark | France | Luxembourg | Norvège | Pays-Bas | Royaume-Uni | Suède
98%
Canada | États-Unis
98%
Allemagne | Autriche | Belgique | Biélorussie | Danemark | France | Hongrie | Lettonie | Lituanie | Luxembourg | Moldavie | Pologne | République Tchèque | Roumanie | Russie | Slovaquie | Suède | Ukraine
97%
Canada | États-Unis
97%
États-Unis
97%
Antigua-et-Barbuda | Barbade | Brésil | Dominique | États-Unis | France | Grenade | Guyana | Haïti | Pays-Bas | République Dominicaine | Saint-Christophe- et-Niévès | Saint-Vincent-et-les-Grenadines | Sainte-Lucie | Trinité-et-Tobago | Venezuela
96%
Canada | États-Unis
96%
Canada | États-Unis
96%
Canada | États-Unis
96%
Canada | États-Unis
96%
États-Unis | Mexique
96%
Canada
95%
Canada | États-Unis
95%
Canada | États-Unis
95%
Canada | États-Unis
95%
Canada | États-Unis
95%
États-Unis | Mexique
95%
Belize | Cuba | États-Unis | Jamaïque | Mexique
94%
Biélorussie | Estonie | Finlande | Lettonie | Lituanie | Russie | Suède | Ukraine
94%
Chine | Corée du Nord | Corée du Sud | Mongolie | Russie
94%
États-Unis
94%
Finlande | Norvège | Russie | Suède
94%
Kazakhstan | Russie
94%
Russie
94%
Espagne | France | Portugal
93%
États-Unis
93%
États-Unis | Mexique
93%
Algérie | Andorre | Espagne | France | Italie | Malte | Maroc | Monaco | Tunisie
92%
Arménie | Azerbaïdjan | Géorgie | Irak | Iran | Kazakhstan | Russie | Syrie | Turquie | Ukraine
92%
Canada
92%
Canada | Danemark
92%
Chine | Mongolie | Russie
92%
États-Unis
92%
Bahamas | Cuba | États-Unis
91%
Canada
91%
États-Unis
91%
États-Unis
91%
France | Irlande | Royaume-Uni
91%
Russie
91%
Chine | Kazakhstan | Mongolie | Russie
90%
États-Unis
90%
Japon | Russie
90%
Mongolie | Russie
90%
Corée du Sud | Japon | Russie
89%
États-Unis
89%
Kazakhstan | Russie | Ukraine
89%
Russie
89%
Russie
89%
Albanie | Allemagne | Autriche | Bosnie-Herzégovine | Bulgarie | Croatie | France | Grèce | Hongrie | Italie | Kosovo | Liechtenstein | Macédoine du Nord | Malte | Moldavie | Monténégro | Roumanie | Saint-Marin | Serbie | Slovaquie | Slovénie | Suisse | Ukraine | Vatican
88%
Australie | France | Îles Salomon | Vanuatu
88%
Brésil | France | Guyana | Suriname | Venezuela
88%
Russie
88%
Russie
88%
Bahamas | États-Unis | Haïti | République Dominicaine
87%
États-Unis
87%
Kazakhstan | Russie
87%
Russie
87%
Russie
87%
Russie
87%
Russie
87%
Argentine | Bolivie | Brésil | Chili | Paraguay | Pérou
86%
Canada
86%
Russie
86%
Russie
86%
Brésil | France | Guyana | Suriname
85%
Bulgarie | Chypre | Grèce | Irak | Israël | Jordanie | Liban | Moldavie | Roumanie | Russie | Syrie | Turquie | Ukraine
85%
Canada
85%
Kazakhstan | Russie
85%
Russie
85%
Brésil | Colombie | Costa Rica | Panama | Venezuela
84%
Canada
84%
Brésil | Colombie | Équateur | Pérou | Venezuela
83%
Russie
83%
Bangladesh | Bhoutan | Chine | Inde | Népal | Pakistan
82%
Russie
82%
Argentine | Bolivie | Chili | Pérou
81%
Argentine | Brésil | Paraguay
81%
Argentine | Chili
81%
Russie
81%
Australie
80%
Bolivie | Brésil | Pérou
80%
Russie
80%
Afghanistan | Chine | Inde | Kazakhstan | Kirghizistan | Pakistan | Tadjikistan
79%
Argentine | Chili | Uruguay
79%
Chine | Mongolie
79%
Argentine | Brésil | Paraguay | Uruguay
78%
Bangladesh | Bhoutan | Birmanie | Chine | Inde | Laos | Thaïlande | Viêt Nam
77%
Argentine | Chili | Royaume-Uni
76%
Argentine | Chili
75%
Algérie | Mali | Maroc | Mauritanie
74%
Belize | Costa Rica | Guatemala | Honduras | Jamaïque | Mexique | Nicaragua | Salvador
74%
Chine
74%
Finlande | Norvège | Suède
74%
Norvège | Suède
74%
Algérie | Libye | Mali | Maroc | Mauritanie | Niger | Tunisie
73%
Australie
73%
Danemark | Islande
73%
Brésil
71%
Danemark
71%
France | Madagascar | Maurice
71%
Algérie | Égypte | Libye | Niger | Soudan | Tchad
70%
Australie
70%
Australie
70%
Australie
70%
Australie | Îles Salomon | Indonésie | Papouasie-Nouvelle-Guinée
70%
Australie | Indonésie | Timor Oriental
70%
Brésil
70%
Chine | Kazakhstan | Mongolie
70%
Comores | France | Madagascar | Malawi | Mozambique | Tanzanie | Zambie
70%
Mexique
70%
Chine | Philippines | Taïwan
69%
Mexique
69%
Australie
66%
Australie | Îles Salomon
66%
Danemark
66%
Afghanistan | Chine | Kazakhstan | Kirghizistan | Ouzbékistan | Pakistan | Tadjikistan
65%
Australie
65%
Inde | Indonésie | Maldives | Sri Lanka
64%
Australie
63%
Afrique du Sud | Botswana | Eswatini | Malawi | Mozambique | Namibie | République Démocratique du Congo | Zambie | Zimbabwe
62%
Australie
62%
Bénin | Burkina Faso | Cameroun | Côte d'Ivoire | Ghana | Guinée Équatoriale | Liberia | Mali | Niger | Nigeria | République Centrafricaine | République du Congo | Togo
60%
Danemark
59%
Danemark
59%
Afrique du Sud | Namibie
58%
Éthiopie | Kenya | Ouganda | République Centrafricaine | République Démocratique du Congo | République du Congo | Somalie | Soudan | Soudan du Sud
58%
Inde | Pakistan
58%
Angola | Botswana | Namibie | République Démocratique du Congo | Zambie
56%
Arabie Saoudite | Égypte | Irak | Israël | Jordanie | Liban | Libye | Soudan | Syrie
56%
Angola | Gabon | République Démocratique du Congo | République du Congo | Zambie
55%
Burundi | Kenya | Ouganda | République Démocratique du Congo | République du Congo | Rwanda | Somalie | Tanzanie | Zambie
55%
Arabie Saoudite | Bahreïn | Égypte | Émirats Arabes Unis | Irak | Koweït | Oman | Qatar | Soudan | Yémen
54%
Burkina Faso | Côte d'Ivoire | Gambie | Ghana | Guinée | Guinée-Bissau | Liberia | Mali | Mauritanie | Niger | Sénégal | Sierra Leone
54%
Afrique du Sud | Botswana | Eswatini | Lesotho | Mozambique | Namibie
53%
Inde | Maldives
53%
Pérou
53%
Cameroun | Niger | Nigeria | République Centrafricaine | République du Congo | Soudan | Tchad
52%
Birmanie | Cambodge | Indonésie | Laos | Malaisie | Thaïlande | Viêt Nam
50%
Brunei | Cambodge | Indonésie | Malaisie | Philippines | Thaïlande | Viêt Nam
50%
Équateur | Pérou
50%
Indonésie | Malaisie | Singapour
50%
Afghanistan | Arabie Saoudite | Bahreïn | Émirats Arabes Unis | Irak | Iran | Koweït | Oman | Pakistan | Qatar
49%
Cameroun | Gabon | Guinée Équatoriale | République du Congo | Sao Tomé-et-Principe
49%
Arabie Saoudite | Djibouti | Érythrée | Éthiopie | Oman | Somalie | Soudan | Yémen
48%
Japon
47%
Kiribati
46%
Afghanistan | Irak | Iran | Kazakhstan | Ouzbékistan | Pakistan | Turkménistan
44%
Indonésie | Papouasie-Nouvelle-Guinée
44%
Nouvelle-Zélande
43%
Nouvelle-Zélande
43%
Espagne | Portugal
42%
Nouvelle-Zélande
42%
Portugal
41%
Indonésie | Maldives
40%
Indonésie
38%
Kiribati
35%
Comores | Kenya | Malawi | Mozambique | Somalie | Tanzanie | Zambie
33%
Îles Salomon | Kiribati | Tuvalu
32%
Kiribati
32%
Kiribati
29%
Somalie | Yémen
27%
Namibie
26%
Namibie
25%
Îles Salomon | Kiribati | Nauru
24%
Cap-Vert
23%
Cap-Vert
23%
Seychelles | Somalie
23%
Philippines
22%
Royaume-Uni
22%
Fidji | Îles Salomon | Samoa | Tuvalu | Vanuatu
21%
Îles Marshall
14%
Samoa | Tonga
14%
États Fédérés de Micronésie
13%
États Fédérés de Micronésie | Îles Marshall
13%
États Fédérés de Micronésie | Palaos
13%

Distribution des résultats

Percentile par nombre de réponses

% des personnes avec chaque résultat

Votre développement - résultats

Vous n’avez pas pris ce quiz